000 01204nam a2200229Ia 4500
003 Ost
005 20260507075557.0
008 260507s9999||||xx |||||||||||||| ||und||
040 _cfsecg
041 _aara
082 _a330
100 _aحنفي، عبد الغفار
_eمؤلف
245 0 _aاساسيات ادارة منظمات الاعمال :
_bالوظائف والممارسات الادارية /
_c عبد الغفار حنفي
260 _aالاسكندرية:
_bالدار الجامعية,
_c2006
300 _a346 صفحة؛
_bإيضاحات ؛
504 _aمراجع ص.345
520 _aمفهوم الادارة و اهميتها و تطور الفكر الاداري اضافة الى المدراء بالمنظمات و اتخاذ القرارات و حل المشكلات و كذا الاساليب الحديثة في اتخاذ القرارات و كذا التخطيط و التنظيم و السلطة في التنظيم و الاشكال التنظيمية و التنسيق و الاتصال و اخيرا الرقابة.
653 _aاتخاذ القرارات
653 _aالادارة
653 _aالوظائف الادارية
942 _cكتاب
999 _c44975
_d44975